[Event "Lovfalds EMT 20th D"]
[Site "Ringsted"]
[Date "2006.09.17"]
[Round "4"]
[White "Tudvad, Mads"]
[Black "Sikstrom, Carl Martin"]
[Result "1-0"]
[WhiteElo "1602"]
[BlackElo "1457"]
[PlyCount "77"]
[EventDate "2006.09.15"]
[EventType "tourn"]
[EventRounds "5"]
[EventCountry "DEN"]
[SourceTitle "EXT 2023"]
[Source "ChessBase"]
[SourceDate "2022.10.05"]
[SourceVersion "1"]
[SourceVersionDate "2022.10.05"]
[SourceQuality "1"]

1. d4 Nf6 2. Nf3 g6 3. Bf4 Bg7 4. c3 0-0 5. e3 d6 6. Nbd2 Nh5 7. Bg3 Bg4 8. Qc2 Nc6 9. Bd3 e5 10. 0-0-0 Re8 11. Bh4 Qc8 12. h3 Be6 13. g4 Nf6 14. Ng5 Bd5 15. e4 Bxa2 16. b3 Bxb3 17. Qxb3 Qd7 18. Bc4 Nd8 19. dxe5 dxe5 20. Ndf3 Qe7 21. Nxe5 Qxe5 22. Bxf7+ Nxf7 23. Qxf7+ Kh8 24. Qb3 Re7 25. Kc2 h6 26. Nf7+ Rxf7 27. Qxf7 Qxe4+ 28. Kb3 Qc6 29. Bxf6 Bxf6 30. Qc4 Qb6+ 31. Qb4 Qe6+ 32. c4 a5 33. Rhe1 Qc6 34. Qb5 a4+ 35. Ka2 Qxb5 36. cxb5 Bh4 37. Rd7 Bxf2 38. Ree7 Bb6 39. Rh7+ 1-0